The second jungle book (Record no. 6482)

MARC details
000 -CABECERA
campo de control de longitud fija 00808nam a2200241 a 4500
001 - NÚMERO DE CONTROL
campo de control BRCA_6799
005 - FECHA Y HORA DE LA ÚLTIMA TRANSACCIÓN
campo de control 20190320205609.0
008 - DATOS DE LONGITUD FIJA--INFORMACIÓN GENERAL
campo de control de longitud fija 031111s1897----gw-#######---#000-0#eng-#
041 ## - CÓDIGO DE LENGUA
Código de lengua del texto/banda sonora o título independiente eng
044 ## - CÓDIGO DEL PAÍS DE LA ENTIDAD EDITORA/PRODUCTORA
Código MARC del país gw
050 #4 - SIGNATURA TOPOGRÁFICA DE LA BIBLIOTECA DEL CONGRESO
Número de clasificación PZ3
Número de documento/Ítem .B75 16 1897
100 1# - ENTRADA PRINCIPAL--NOMBRE DE PERSONA
Nombre de persona Kipling, Rudyard
Fechas asociadas al nombre 1865-1936
9 (RLIN) 16069
245 10 - MENCIÓN DE TÍTULO
Título The second jungle book
Mención de responsabilidad, etc. by Rudyard Kipling.
260 ## - PUBLICACIÓN, DISTRIBUCIÓN, ETC.
Lugar de publicación, distribución, etc. Leipzig, Alemania
Nombre del editor, distribuidor, etc. Bernhard Tauchnitz
Fecha de publicación, distribución, etc. 1897
300 ## - DESCRIPCIÓN FÍSICA
Extensión 286 p.
Dimensiones 16 cm.
440 #0 - MENCIÓN DE SERIE/PUNTO DE ACCESO ADICIONAL--TÍTULO
Título Collection of British authors. Tauchnitz edition
Designación de volumen o secuencia v. 3181
9 (RLIN) 16952
500 ## - NOTA GENERAL
Nota general Ver también CEF6, H144, L2, L15, L16, L17, L18, L19, L20, L22, L23, L24, L25, L26, L27, L32, L166, N11, N12, N13 y N17.
500 ## - NOTA GENERAL
Nota general N9
650 14 - PUNTO DE ACCESO ADICIONAL DE MATERIA--TÉRMINO DE MATERIA
Término de materia o nombre geográfico como elemento de entrada Animales de la selva
Subdivisión general Ficción
9 (RLIN) 16953
650 14 - PUNTO DE ACCESO ADICIONAL DE MATERIA--TÉRMINO DE MATERIA
Término de materia o nombre geográfico como elemento de entrada Literatura inglesa
9 (RLIN) 16954
902 ## - CATALOGADOR
Iniciales GFM
942 ## - ELEMENTOS DE PUNTO DE ACCESO ADICIONAL (KOHA)
Fuente del sistema de clasificación o colocación Library of Congress Classification
Tipo de ítem Koha Libros
Holdings
Estado de retiro Estado de pérdida Estado dañado No para préstamo Localización permanente Ubicación/localización actual Fecha de adquisición Número de inventario Total de préstamos Signatura topográfica completa Código de barras Fecha visto por última vez Precio válido a partir de Tipo de ítem Koha
El ejemplar forma parte de la colección y puede ser consultado según las políticas vigentes.       Biblioteca del Museo Franz Mayer (Rogerio Casas-Alatriste) Biblioteca del Museo Franz Mayer (Rogerio Casas-Alatriste) 03/11/2011 N9   PZ3 .B75 16 1897 (N9) 7246 22/03/2019 22/03/2019 Libros